00393ntaaa2200157 45000030003000000050017000030080021000200400037000410820017000781000025000952450030001202500037001503000011001875000022001986500015002200120251027201608.00714s1973 ag 01  aAR-BaBNbspacAR-BaBNeaacrdRIC a230.0000 W29 aWaterhouse, Eric S.  aEveryman and Christianity a1 ed. : bEpworth Press, cc/926 a127 p. a"a working creed" aTeología